000 00307nam a2200133Ia 4500
003 OSt
005 20240402161605.0
020 _a81-7000-440-3
040 _cLCC
050 _aZ 694 .A 56A 89
100 _aASWAL,R.S
245 0 _aAACR2R WITH MARC21 CATALOGUING PRACTICE FOR 21ST CENTURY
942 _cBK
_2ddc
999 _c206773
_d206773